LIBRARY & INFORMATION CENTRE, KCAET, TAVANUR

ONLINE PUBLIC ACCESS CATALOGUE (OPAC)

Space-ilekkulla yathra / (Record no. 5974)

MARC details
000 -LEADER
fixed length control field 00421cam a2200169ua 4500
041 ## - LANGUAGE CODE
Language code of text/sound track or separate title mal
082 ## - DEWEY DECIMAL CLASSIFICATION NUMBER
Classification number 500
Item number BHA/SP
100 ## - MAIN ENTRY--AUTHOR NAME
Personal name Bhaskara Panicker, P T .
245 ## - TITLE STATEMENT
Title Space-ilekkulla yathra /
260 ## - PUBLICATION, DISTRIBUTION, ETC. (IMPRINT)
Place of publication Eranakulam :
Name of publisher C I C C Book House ,
Year of publication 1962.
300 ## - PHYSICAL DESCRIPTION
Number of Pages 81.
942 ## - ADDED ENTRY ELEMENTS (KOHA)
Koha item type Books
Holdings
Withdrawn status Lost status Damaged status Home library Current library Date acquired Full call number Accession Number Koha item type
Withdrawn     KAUAET Malayalam University 07/04/2012 500 1105 Books
free website counter